[Event "AUTO-INT-830"]
[Site "http://www.queenalice.com/game.php?id=370276"]
[Date "2008.3.13"]
[Round "1"]
[White "inguitar"]
[Black "ludy"]
[Result "1-0"]
[WhiteElo "1855"]
[BlackElo "1743"]

1. e4 c5 2. Bc4 Nf6 3. Nc3 Nc6 4. Nf3 Nd4 5. Nxd4 cxd4 6. Nb5 Nxe4 7. Qf3 d5 8.
Bd3 Qb6 9. Na3 Qe6 10. O-O g6 11. Nb5 Qb6 12. c4 Nf6 13. Re1 Bg7 14. b3 O-O 15.
Rxe7 Bg4 16. Qg3 Rfe8 17. Ba3 Rxe7 18. Bxe7 h5 19. Re1 Re8 20. Nd6 Ne4 21. Bxe4
Rxe7 22. f3 d3+ 23. Kh1 dxe4 24. Nc8 Qc7 25. Nxe7+ Qxe7 26. fxg4 h4 27. Qb8+ Kh7
28. Qxa7 Qe6 29. Qxb7 Qxg4 30. Qxe4 Qxe4 31. Rxe4 g5 32. c5 f5 33. Re7 f4 34. c6
Kg8 35. c7 1-0

[Event "AUTO-INT-830"]
[Site "http://www.queenalice.com/game.php?id=370277"]
[Date "2008.3.13"]
[Round "1"]
[White "ludy"]
[Black "inguitar"]
[Result "0-1"]
[WhiteElo "1754"]
[BlackElo "1819"]

1. e4 e5 2. Bc4 Nf6 3. Qf3 Nc6 4. Nc3 d6 5. Nh3 Nd4 6. Qd3 Be7 7. Ng5 O-O 8. h4
d5 9. Nxd5 Nxd5 10. exd5 Bf5 11. Qc3 Nxc2+ 12. Ke2 Nxa1 13. d3 c6 14. Be3 cxd5
15. Rxa1 dxc4 16. Qxc4 Rc8 17. Qb5 Rc2+ 18. Ke1 Bxd3 19. Qxb7 Re2+ 20. Kf1 Rxb2+
21. Kg1 Rxb7 22. Rd1 Bxg5 23. Bxg5 f6 24. Be3 Rb1 0-1

[Event "AUTO-INT-830"]
[Site "http://www.queenalice.com/game.php?id=370292"]
[Date "2008.3.13"]
[Round "1"]
[White "ludy"]
[Black "luccalucas"]
[Result "1/2-1/2"]
[WhiteElo "1705"]
[BlackElo "1966"]

1. d4 Nf6 2. Nf3 d5 3. Bg5 Ne4 4. Nbd2 Nxg5 5. Nxg5 f6 6. Ngf3 Nc6 7. e4 e5 8.
dxe5 fxe5 9. Bb5 a6 10. Bxc6+ bxc6 11. Nxe5 Qf6 12. Nd3 Bd6 13. exd5 cxd5 14.
O-O O-O 15. c4 Qg6 16. Qb3 Bf5 17. c5 Bxh2+ 18. Kxh2 Bxd3 19. Qxd5+ Kh8 20. Rfe1
Rad8 21. Qe6 Rxf2 22. Qxg6 hxg6 23. Nf3 Rxb2 24. Ne5 Kg8 25. Rad1 Rxa2 26. Nxd3
Ra5 27. g4 Rd4 28. Ne5 Rxd1 29. Rxd1 Rxc5 30. Nxg6 Kf7 31. Nf4 Kf6 32. Kh3 a5
33. Rf1 Rc3+ 34. Kh4 Ke5 35. Kg5 a4 36. Ne2 Re3 37. Re1 a3 38. Kg6 a2 39. Kxg7
c5 40. g5 c4 41. Kf7 a1=Q 42. Rxa1 Rxe2 43. Rc1 Kd4 44. g6 Rf2+ 45. Kg8 Kd3 46.
g7 c3 47. Rh1 c2 48. Kh7 Rg2 49. Rc1 Rh2+ 50. Kg6 Kd2 51. Ra1 Rg2+ 1/2-1/2

[Event "AUTO-INT-830"]
[Site "http://www.queenalice.com/game.php?id=370293"]
[Date "2008.3.13"]
[Round "1"]
[White "luccalucas"]
[Black "ludy"]
[Result "1-0"]
[WhiteElo "1926"]
[BlackElo "1741"]

1. e4 c5 2. Nf3 Nc6 3. Nc3 e6 4. d4 Nxd4 5. Nxd4 cxd4 6. Qxd4 Nf6 7. Bg5 Be7 8.
Be2 Qa5 9. f4 b6 10. O-O-O Bb7 11. Bxf6 Bxf6 12. Qxd7+ Kf8 13. Qxb7 Re8 14. e5
Be7 15. Rd7 g6 16. Rhd1 Qb4 17. R1d4 Qc5 18. Qxa7 Kg7 19. Bf3 Rhf8 20. Na4 Qa5
21. Nxb6 Qc5 22. a4 Bd8 23. Nc4 Qb4 24. Nd6 Qb6 25. Rxf7+ Rxf7 26. Qxf7+ Kh6 27.
g4 Qxd4 28. g5+ Bxg5 29. fxg5+ Kxg5 30. Nxe8 Qxe5 31. h4+ Kh6 32. Qf8+ 1-0

[Event "QA-ANNIV-04"]
[Site "http://www.queenalice.com/game.php?id=418407"]
[Date "2008.6.16"]
[Round "1"]
[White "ludy"]
[Black "HokZ157"]
[Result "0-1"]
[WhiteElo "1680"]
[BlackElo "1867"]

1. e4 c5 2. Bc4 Nc6 3. Nf3 e6 4. c3 d6 5. O-O Nf6 6. Re1 Be7 7. d4 cxd4 8. cxd4
O-O 9. Nc3 Re8 10. a3 d5 11. exd5 Nxd5 12. Nxd5 exd5 13. Bd3 Bg4 14. h3 Bh5 0-1